| 000 | 00651nam a2200241Ia 4500 | ||
|---|---|---|---|
| 003 | OSt | ||
| 005 | 20221005072210.0 | ||
| 006 | a|||||r|||| 00| 0 | ||
| 007 | ta | ||
| 008 | 221004b |||||||| |||| 00| 0 eng d | ||
| 020 | _a8185038988 | ||
| 024 | _a25188 | ||
| 037 | _cTextual | ||
| 040 |
_aCRL _cCRL _beng |
||
| 041 |
_2eng _aeng |
||
| 082 | _aAdcs.251'N91, N9 | ||
| 245 | 0 | _aTowards a new administrative culture in CSIR | |
| 260 |
_aNew Delhi _bCouncil of scientific & Industrial research India _c1991 |
||
| 300 |
_a178p. _ccm. |
||
| 650 | _aSCIENCE | ||
| 942 |
_hAdcs.251'N91, N9 _cTEXL _2cc |
||
| 999 |
_c979024 _d979024 |
||